000
00233 a2200097 4500
001
49372
100
_a
Davin
245
_a
Katherine Mansfield Selected Stories
260
_a
London
_b
Oxford University Press
_c
090
_c
31911
_d
31911
942
_a
NUST-CAE
_c
M
_c
24349
999
_c
284445
_d
284445